Statistics for Biggest Cities in Egypt

Click here to take the quiz!

General Stats

  • This quiz has been taken 68 times
  • The average score is 5 of 15

Answer Stats

PopulationAnswer% Correct
7,740,018Cairo
98%
4,028,028Alexandria
97%
3,021,542Giza
69%
570,603Port Said
62%
485,342Suez
57%
266,013Aswan
48%
422,854Tanta
25%
389,307Asyut
23%
293,184Ismailia
13%
1,025,569Shubra
11%
302,840Zagazig
10%
439,348El Mansoura
8%
315,940Fayoum
8%
442,958Mahalla el-Kubra
7%
291,242El Khasos
2%

Score Distribution

Percentile by Number Answered

Percent of People with Each Score

Your Score History

You have not taken this quiz